000 01055ccm a2200277ua 4500
999 _c3784
_d3784
001 ocm000022468903
003 CaOOAMICUS
005 20241028164904.0
008 040921r19912004enkg 01 0 eng c
020 _a9781854724472
040 _aCaOTU
_beng
_dCaOL
_cKH8
082 _a781 TAY
100 _aTaylor, Eric,
_eauthor.
245 0 4 _aThe AB guide to music theory.
_nPart II
_h[music] /
_cEric Taylor.
260 _aLondon :
_bABRSM Publishing,
_c2004, c1991.
300 _avii, 252 p. :
_billustrations ;
_c23cm.
500 _aPublished by The Associated Board of the Royal Schools of Music.
500 _aIncludes index.
500 _aContains chapters on: voices, non-harmony notes, chromatic chords, aspects of melody, instruments (string, woodwind, brass, percussion, keyboard), tonal harmony, modes, modern developments.
650 0 _aMusic theory.
650 0 _aMusical instruments.
650 0 _aChords (Music).
650 0 _aHarmony.
710 2 _aAssociated Board of the Royal Schools of Music (Great Britain)
942 _2ddc
_cTR